[Event "SRB-chT 1st League"]
[Site "Kragujevac"]
[Date "2009.09.04"]
[Round "4"]
[White "Zlatic, Mihailo"]
[Black "Ivanisevic, Ivan"]
[Result "0-1"]
[WhiteElo "2456"]
[BlackElo "2614"]
[PlyCount "82"]
[EventDate "2009.09.01"]
[EventType "team-tourn"]
[EventRounds "11"]
[EventCountry "YUG"]
[SourceTitle "CBM 132 Extra"]
[Source "ChessBase"]
[SourceDate "2009.11.03"]
[SourceVersion "1"]
[SourceVersionDate "2009.11.03"]
[SourceQuality "1"]

1. c4 e5 2. Nc3 Nc6 3. g3 Bc5 4. Bg2 d6 5. d3 Nge7 6. Nf3 0-0 7. 0-0 a5 8. a3 Bf5 9. Rb1 Qd7 10. Na4 Bh3 11. Nxc5 dxc5 12. Bxh3 Qxh3 13. Ng5 Qd7 14. Ne4 b6 15. f4 exf4 16. Bxf4 Ng6 17. Qe1 Rae8 18. Qf2 Nd4 19. Rbe1 Re7 20. Nc3 Re6 21. e3 Nc6 22. Nd5 Nce5 23. Rd1 Rfe8 24. h3 Nxf4 25. exf4 Nc6 26. Rde1 Nd4 27. Rxe6 Rxe6 28. Nc3 f5 29. Kh1 Qe8 30. b4 Re3 31. bxc5 bxc5 32. Qg2 h6 33. Nd5 Re2 34. Rf2 Re1+ 35. Kh2 c6 36. Nc3 Qe3 37. Na4 g5 38. fxg5 hxg5 39. Nxc5 g4 40. hxg4 Qh6+ 41. Qh3 Rh1+ 0-1

[Event "SRB-ch"]
[Site "Kragujevac"]
[Date "2009.04.10"]
[Round "8"]
[White "Antic, Dejan"]
[Black "Zlatic, Mihailo"]
[Result "0-1"]
[WhiteElo "2513"]
[BlackElo "2463"]
[PlyCount "113"]
[EventDate "2009.04.02"]
[EventType "tourn"]
[EventRounds "13"]
[EventCountry "YUG"]
[EventCategory "11"]
[SourceTitle "CBM 129 Extra"]
[Source "ChessBase"]
[SourceDate "2009.05.05"]
[SourceVersion "2"]
[SourceVersionDate "2009.05.20"]
[SourceQuality "1"]

1. d4 Nf6 2. c4 c5 3. d5 e5 4. Nc3 d6 5. g3 Be7 6. Bg2 0-0 7. e4 Ne8 8. Nge2 Nd7 9. 0-0 Nc7 10. Bd2 Rb8 11. a4 a5 12. Nb5 Na6 13. f4 Re8 14. Ra3 Bf8 15. f5 Nf6 16. h3 h6 17. g4 Nh7 18. Ng3 Be7 19. Nh5 Nb4 20. Raf3 Nf6 21. Nxf6+ Bxf6 22. g5 hxg5 23. Rg3 Kf8 24. Qh5 Ke7 25. Bxg5 Rh8 26. Bxf6+ gxf6 27. Qd1 Rh4 28. Qd2 Bd7 29. Nc3 Qh8 30. b3 b6 31. Nd1 Qh7 32. Ne3 Rh8 33. Ng4 Rg8 34. Rff3 Rh5 35. Nh2 Rh8 36. Rg4 Qh6 37. Rf2 Qxd2 38. Rxd2 Rxh3 39. Bxh3 Rxh3 40. Rb2 Nd3 41. Rb1 Nf4 42. Nf1 Rc3 43. Rg8 Rc2 44. Ng3 Nh3+ 45. Kf1 Rf2+ 46. Ke1 Rg2 47. Rc1 Ng5 48. Rc3 Nxe4 49. Re3 Rxg3 50. Rgxg3 Nxg3 51. Rxg3 Bxf5 52. Kd2 Bg6 53. Rh3 f5 54. Rh8 Kd7 55. Rb8 Kc7 56. Re8 f4 57. Rf8 0-1

[Event "SRB-ch"]
[Site "Kragujevac"]
[Date "2009.04.08"]
[Round "7"]
[White "Zlatic, Mihailo"]
[Black "Perunovic, Milos"]
[Result "0-1"]
[WhiteElo "2463"]
[BlackElo "2580"]
[PlyCount "123"]
[EventDate "2009.04.02"]
[EventType "tourn"]
[EventRounds "13"]
[EventCountry "YUG"]
[EventCategory "11"]
[SourceTitle "CBM 129 Extra"]
[Source "ChessBase"]
[SourceDate "2009.05.05"]
[SourceVersion "2"]
[SourceVersionDate "2009.05.20"]
[SourceQuality "1"]

1. e4 c5 2. Nf3 e6 3. d4 cxd4 4. Nxd4 Nc6 5. Nxc6 bxc6 6. Bd3 Nf6 7. 0-0 e5 8. c4 Bc5 9. Nd2 a5 10. Nb3 Be7 11. a4 0-0 12. c5 d5 13. cxd6 Qxd6 14. Be3 Ng4 15. Bc5 Qh6 16. h3 Bxc5 17. Nxc5 Ne3 18. fxe3 Qxe3+ 19. Kh2 Qxc5 20. Rc1 Qb6 21. Bc4 Ra7 22. Qd6 Qc7 23. Qc5 Ba6 24. Bb5 Rc8 25. Rfd1 g6 26. Bxc6 Qb8 27. Rd6 Rb7 28. Rcd1 Rxb2 29. Qxa5 Bf1 30. Kg1 Rxg2+ 31. Kxf1 Qb2 32. R1d2 Rxd2 33. Qxd2 Qxd2 34. Rxd2 Rxc6 35. Ra2 f5 36. a5 Ra6 37. Ke2 Kf7 38. Kd3 Ke6 39. h4 h6 40. h5 gxh5 41. exf5+ Kxf5 42. Ra4 Kg5 43. Ke4 h4 44. Kxe5 h3 45. Ra2 h5 46. Ke4 Kg4 47. Ke5 h4 48. Ra4+ Kg5 49. Ra2 Ra8 50. a6 Ra7 51. Ke4 Kg4 52. Ke5 h2 53. Rxh2 Rxa6 54. Rb2 Ra4 55. Rb8 h3 56. Rg8+ Kf3 57. Rf8+ Kg3 58. Rb8 h2 59. Rb3+ Kh4 60. Rb1 Rg4 61. Kf5 Rg5+ 62. Kf4 0-1

[Event "SRB-ch"]
[Site "Kragujevac"]
[Date "2009.04.06"]
[Round "5"]
[White "Damljanovic, Branko"]
[Black "Zlatic, Mihailo"]
[Result "1-0"]
[WhiteElo "2573"]
[BlackElo "2463"]
[PlyCount "161"]
[EventDate "2009.04.02"]
[EventType "tourn"]
[EventRounds "13"]
[EventCountry "YUG"]
[EventCategory "11"]
[SourceTitle "CBM 129 Extra"]
[Source "ChessBase"]
[SourceDate "2009.05.05"]
[SourceVersion "2"]
[SourceVersionDate "2009.05.20"]
[SourceQuality "1"]

1. d4 Nf6 2. Nf3 c5 3. d5 d6 4. Nc3 g6 5. e4 Bg7 6. Bb5+ Bd7 7. a4 0-0 8. 0-0 Bg4 9. Re1 Nbd7 10. h3 Bxf3 11. Qxf3 Ne8 12. Bf1 Nc7 13. Qd1 a6 14. a5 Rb8 15. Nb1 b5 16. axb6 Nxb6 17. Nd2 e6 18. c4 exd5 19. exd5 Nd7 20. Qc2 Nf6 21. Nf3 Re8 22. Bd2 Rxe1 23. Rxe1 Nd7 24. b3 Ne5 25. Nh2 Ne8 26. Qa2 Qb6 27. Rb1 Nf6 28. Ba5 Qb7 29. Qc2 Qc8 30. f4 Ned7 31. g4 Qb7 32. Nf3 Re8 33. Re1 Rxe1 34. Bxe1 Qc8 35. Bd3 Ne8 36. Kg2 Qd8 37. Qa2 Qc8 38. Ba5 Nef6 39. Qe2 Qe8 40. Qxe8+ Nxe8 41. Nd2 Kf8 42. Ne4 Ndf6 43. Ng3 Nd7 44. h4 Ke7 45. h5 Bb2 46. Bd2 Ng7 47. Kf3 Ne8 48. Bc2 Nef6 49. g5 Ne8 50. Ke2 Bd4 51. f5 Ne5 52. Ba5 Bb2 53. f6+ Kd7 54. b4 Kc8 55. hxg6 hxg6 56. Ba4 Nc7 57. Bb3 Nd7 58. Ne4 Be5 59. Ba4 cxb4 60. Bxb4 Ne8 61. Kd3 Bf4 62. Kc2 Kc7 63. Kb3 Bh2 64. Bc6 Bg1 65. Ka4 Be3 66. Ka5 Bd4 67. Bxd7 Kxd7 68. Kxa6 Be3 69. Kb7 Bg1 70. Bd2 Bd4 71. Ba5 Be3 72. Bd2 Bd4 73. Bf4 Bg1 74. Nd2 Bd4 75. Nf3 Bf2 76. Nh2 Bd4 77. Ng4 Bc3 78. Nh6 Bxf6 79. gxf6 Nxf6 80. Nxf7 Ne4 81. Kb6 1-0

[Event "Vojvodina-chT"]
[Site "Sombor"]
[Date "2008.10.07"]
[Round "10"]
[White "Zlatic, Mihailo"]
[Black "Drazic, Sinisa"]
[Result "1-0"]
[WhiteElo "2471"]
[BlackElo "2528"]
[PlyCount "127"]
[EventDate "2008.10.01"]
[EventType "team-tourn"]
[EventRounds "11"]
[EventCountry "YUG"]
[SourceTitle "EXT 2010"]
[Source "ChessBase"]
[SourceDate "2010.11.25"]
[SourceVersion "1"]
[SourceVersionDate "2010.11.25"]
[SourceQuality "1"]

1. e4 e5 2. Nf3 Nc6 3. Bc4 Nf6 4. d3 h6 5. 0-0 d6 6. c3 g6 7. Nbd2 Bg7 8. Re1 0-0 9. Nf1 Na5 10. Bb5 a6 11. Ba4 b5 12. Bc2 c5 13. d4 Qc7 14. Ne3 Bd7 15. Bd2 Rfe8 16. dxe5 dxe5 17. b4 Nb7 18. a4 Bc6 19. axb5 axb5 20. Rxa8 Rxa8 21. c4 bxc4 22. Nxc4 Nd7 23. Na5 Nxa5 24. bxa5 c4 25. Bc3 Nc5 26. Qe2 Bb5 27. Rb1 Rb8 28. Qe3 Kh7 29. h4 h5 30. Ng5+ Kg8 31. Nf3 Kh7 32. Ng5+ Kg8 33. Nf3 f6 34. Nd2 Kh7 35. g3 Ne6 36. Nf3 Bh6 37. Qe2 Rb7 38. Qd1 Qc6 39. Qd5 Qxd5 40. exd5 Nc5 41. Nd2 Bc6 42. Rxb7+ Nxb7 43. Ne4 Bg7 44. d6 Bb5 45. Bb4 Kg8 46. Nc3 Ba6 47. Bxg6 Bf8 48. Ne4 Bb5 49. Nxf6+ Kg7 50. Be8 Kxf6 51. Bxb5 Nxd6 52. Bxd6 Bxd6 53. Bxc4 Bc7 54. a6 Bb6 55. Kg2 Ba7 56. f3 Ke7 57. Bd3 Kf6 58. Be4 Bb6 59. g4 Kg7 60. Kf1 Kh6 61. Ke2 Kg7 62. Kd3 Kf6 63. Kc4 Bf2 64. Kd5 1-0

[Event "Vojvodina-chT"]
[Site "Sombor"]
[Date "2008.10.02"]
[Round "3"]
[White "Zlatic, Mihailo"]
[Black "Saric, Sinisa"]
[Result "1/2-1/2"]
[WhiteElo "2471"]
[BlackElo "2414"]
[PlyCount "125"]
[EventDate "2008.10.01"]
[EventType "team-tourn"]
[EventRounds "11"]
[EventCountry "YUG"]
[SourceTitle "EXT 2010"]
[Source "ChessBase"]
[SourceDate "2010.11.25"]
[SourceVersion "1"]
[SourceVersionDate "2010.11.25"]
[SourceQuality "1"]

1. e4 d5 2. exd5 Qxd5 3. Nc3 Qa5 4. Bc4 Nc6 5. d3 Bd7 6. Bd2 Qf5 7. Qf3 Qxf3 8. Nxf3 e6 9. 0-0-0 a6 10. Rhe1 0-0-0 11. d4 Nge7 12. d5 exd5 13. Nxd5 Nxd5 14. Bxd5 f6 15. Be3 Bd6 16. Nd2 Nb4 17. Bb3 Rhe8 18. a3 Nc6 19. Bd5 Ne5 20. Ne4 Bf8 21. Nc5 Bxc5 22. Bxc5 Bc6 23. Bxc6 Nxc6 24. Rxd8+ Kxd8 25. Rd1+ Kc8 26. h3 b6 27. Be3 Ne5 28. b3 Nf7 29. a4 a5 30. Kb2 Re7 31. c4 c5 32. Kc3 Kb7 33. Rd5 Kc6 34. g4 Nd6 35. Kd3 Nf7 36. Ke2 Re8 37. Rh5 h6 38. Rd5 Ne5 39. f3 Nf7 40. h4 Re6 41. Kf2 Re8 42. h5 Re6 43. Bf4 Re7 44. Rd3 Kb7 45. Re3 Rd7 46. Re6 Nd8 47. Rd6 Rxd6 48. Bxd6 Ne6 49. Ke3 Kc6 50. Bg3 Nd4 51. Ke4 Kd7 52. Bf2 Nxb3 53. Be3 Nd4 54. Bxd4 cxd4 55. Kxd4 Kd6 56. f4 Kc6 57. Kd3 Kc5 58. Kc3 Kd6 59. Kd4 Kc6 60. Kd3 Kc5 61. Kc3 Kd6 62. Kd4 Kc6 63. Kd3 1/2-1/2

[Event "SRB-chT 1st"]
[Site "Zlatibor"]
[Date "2007.08.26"]
[Round "6"]
[White "Arsovic, Goran"]
[Black "Zlatic, Mihailo"]
[Result "1-0"]
[WhiteElo "2470"]
[BlackElo "2450"]
[PlyCount "71"]
[EventDate "2007.08.21"]
[EventType "team-tourn"]
[EventRounds "11"]
[EventCountry "YUG"]
[SourceTitle "CBM 120 Extra"]
[Source "ChessBase"]
[SourceDate "2007.11.01"]
[SourceVersion "1"]
[SourceVersionDate "2007.11.01"]
[SourceQuality "1"]

1. d4 c5 2. d5 e5 3. e4 d6 4. Nc3 a6 5. Nf3 Bg4 6. h3 Bxf3 7. Qxf3 Be7 8. g3 Bg5 9. Bxg5 Qxg5 10. h4 Qf6 11. Qe2 Nd7 12. Bh3 Qe7 13. a4 Ngf6 14. 0-0 0-0 15. Ra3 Rab8 16. a5 Rfe8 17. Re1 Qd8 18. Nb1 Qc7 19. Nd2 Re7 20. Nc4 Rbe8 21. Qf3 g6 22. Bxd7 Nxd7 23. h5 Kg7 24. Kg2 h6 25. Rh1 Rh8 26. Rb3 Ree8 27. Rxb7 Qd8 28. Nxd6 Re7 29. hxg6 fxg6 30. Qg4 Kf6 31. Rb3 Nf8 32. Rf3+ Kg7 33. Nf5+ Kg8 34. Nxh6+ Rxh6 35. Rxh6 Kg7 36. Rxf8 1-0

[Event "Serbia-chT"]
[Site "Zlatibor"]
[Date "2006.08.28"]
[Round "3"]
[White "Zlatic, Mihailo"]
[Black "Arsovic, Goran"]
[Result "1/2-1/2"]
[WhiteElo "2439"]
[BlackElo "2483"]
[PlyCount "143"]
[EventDate "2006.08.26"]
[EventType "team"]
[EventRounds "9"]
[EventCountry "YUG"]
[SourceTitle "EXT 2007"]
[Source "ChessBase"]
[SourceDate "2006.11.23"]
[SourceVersion "1"]
[SourceVersionDate "2006.11.23"]
[SourceQuality "1"]

1. e4 c5 2. Nf3 d6 3. d4 cxd4 4. Nxd4 Nf6 5. Nc3 a6 6. Bc4 e6 7. Bb3 b5 8. f4 Bb7 9. f5 e5 10. Nde2 Nbd7 11. Bg5 Be7 12. Bxf6 Nxf6 13. Qd3 Rc8 14. 0-0 0-0 15. Ng3 Qb6+ 16. Kh1 Qd4 17. Qf3 Qd2 18. Nh5 Nxh5 19. Qxh5 b4 20. Rad1 Qg5 21. Qxg5 Bxg5 22. Nd5 a5 23. Rf3 Bc6 24. Rg3 Bxd5 25. Rxd5 Bc1 26. f6 g6 27. Rxa5 Bxb2 28. Ra6 Ra8 29. Rxd6 Rfd8 30. Rgd3 Bd4 31. Rc6 Rdc8 32. Rd6 Rd8 33. Rxd8+ Rxd8 34. g4 Rc8 35. Kg2 Rc3 36. Rxc3 Bxc3 37. g5 Bd2 38. h4 h6 39. gxh6 Bxh6 40. c3 bxc3 41. a4 c2 42. Bxc2 Bd2 43. Kf3 Ba5 44. Kg4 Bd8 45. Kg5 Kf8 46. Bb3 Ke8 47. Be6 Kf8 48. Bd7 Kg8 49. Bc6 Kf8 50. Bb5 Kg8 51. Be2 Kf8 52. h5 gxh5 53. Bxh5 Ke8 54. Bg4 Bc7 55. Bc8 Bd8 56. Ba6 Kf8 57. Bb5 Kg8 58. Kf5 Bc7 59. Bf1 Kf8 60. Bh3 Ke8 61. Kg5 Bd8 62. Bc8 Bc7 63. Bb7 Bd8 64. Bc6+ Kf8 65. Bd7 Bb6 66. Kf5 Bc7 67. Bc6 Kg8 68. Kg4 Bd8 69. Kf5 Bc7 70. a5 Bxa5 71. Kxe5 Bc3+ 72. Kf5 1/2-1/2

[Event "Serbia-chT"]
[Site "Zlatibor"]
[Date "2006.08.27"]
[Round "2"]
[White "Zlatic, Mihailo"]
[Black "Katanic Vujic, Petar"]
[Result "1-0"]
[WhiteElo "2439"]
[BlackElo "2293"]
[PlyCount "35"]
[EventDate "2006.08.26"]
[EventType "team"]
[EventRounds "9"]
[EventCountry "YUG"]
[SourceTitle "EXT 2007"]
[Source "ChessBase"]
[SourceDate "2006.11.23"]
[SourceVersion "1"]
[SourceVersionDate "2006.11.23"]
[SourceQuality "1"]

1. e4 e6 2. d4 d5 3. Nc3 Nc6 4. e5 Bd7 5. Nf3 Nge7 6. h4 h5 7. Bg5 Qc8 8. g3 Nf5 9. Bh3 Nce7 10. 0-0 c5 11. Re1 Qc7 12. dxc5 Qxc5 13. Qd3 Rc8 14. Rad1 Qb4 15. Bxf5 Nxf5 16. Nxd5 Qb5 17. Qxb5 Bxb5 18. Nc7+ 1-0

[Event "Serbia-chT"]
[Site "Zlatibor"]
[Date "2006.08.26"]
[Round "1"]
[White "Nestorovic, Dejan"]
[Black "Zlatic, Mihailo"]
[Result "0-1"]
[WhiteElo "2401"]
[BlackElo "2439"]
[PlyCount "66"]
[EventDate "2006.08.26"]
[EventType "team"]
[EventRounds "9"]
[EventCountry "YUG"]
[SourceTitle "EXT 2007"]
[Source "ChessBase"]
[SourceDate "2006.11.23"]
[SourceVersion "1"]
[SourceVersionDate "2006.11.23"]
[SourceQuality "1"]

1. d4 c5 2. d5 e5 3. e4 d6 4. Nc3 a6 5. Nf3 Bg4 6. Be2 Bxf3 7. Bxf3 Be7 8. 0-0 Bg5 9. a4 b6 10. Bxg5 Qxg5 11. Ra3 Nd7 12. Qe2 Ne7 13. Kh1 h5 14. Nb1 Qh6 15. Nd2 g5 16. Qe3 f5 17. exf5 Nxf5 18. Qd3 0-0 19. Be4 Ne7 20. Rb3 g4 21. Nc4 Rab8 22. Ne3 Nf6 23. Bf5 Qf4 24. Be6+ Kh8 25. c4 Ne4 26. Kg1 Ng5 27. a5 bxa5 28. Rxb8 Rxb8 29. Qa3 Ng6 30. Nf5 Nxe6 31. Nxd6 Ng5 32. Qxc5 Nh4 33. Rd1 Nxg2 0-1

[Event "Serbia-ch"]
[Site "Vrnjacka Banja"]
[Date "2006.02.05"]
[Round "9"]
[White "Tadic, Branko"]
[Black "Zlatic, Mihailo"]
[Result "1-0"]
[WhiteElo "2491"]
[BlackElo "2417"]
[PlyCount "109"]
[EventDate "2006.01.30"]
[EventType "swiss"]
[EventRounds "9"]
[EventCountry "YUG"]
[SourceTitle "CBM 110 Extra"]
[Source "ChessBase"]
[SourceDate "2006.03.10"]
[SourceVersion "2"]
[SourceVersionDate "2006.03.10"]
[SourceQuality "1"]

1. Nf3 d5 2. d4 c6 3. c4 Nf6 4. Nc3 a6 5. e3 b5 6. c5 Bg4 7. h3 Bxf3 8. gxf3 Nbd7 9. f4 e6 10. Bd3 g6 11. b4 Bg7 12. a4 0-0 13. Bd2 Nh5 14. Rg1 f5 15. Ra2 Kf7 16. Qe2 Ndf6 17. f3 Nd7 18. Kd1 Qc7 19. axb5 axb5 20. Bc1 Rxa2 21. Nxa2 Ra8 22. Rg2 Ra4 23. Qb2 Qd8 24. Nc3 Ra8 25. Qb3 Nhf6 26. Ra2 Ne8 27. Nxb5 Rxa2 28. Qxa2 cxb5 29. Bxb5 Nc7 30. Qa5 Bf6 31. Ba4 Qc8 32. Qa7 Qb8 33. Qxb8 Nxb8 34. b5 Bd8 35. b6 Na8 36. b7 Nc7 37. Bd2 Ke7 38. Kc2 Nca6 39. Kb3 Bc7 40. Be1 h6 41. Bh4+ Kf7 42. Bb5 Ba5 43. Ka4 Bc7 44. Be1 Ke7 45. Bh4+ Kf7 46. Be1 Ke7 47. Ba5 Bxa5 48. Kxa5 Nc7 49. Ba4 Kd8 50. Kb6 Nca6 51. Bb5 Nc7 52. Ka7 Nxb5+ 53. Kxb8 Kd7 54. Ka8 Nc7+ 55. Ka7 1-0

[Event "Serbia-ch"]
[Site "Vrnjacka Banja"]
[Date "2006.01.31"]
[Round "3"]
[White "Zlatic, Mihailo"]
[Black "Abramovic, Bosko"]
[Result "1/2-1/2"]
[WhiteElo "2417"]
[BlackElo "2507"]
[PlyCount "28"]
[EventDate "2006.01.30"]
[EventType "swiss"]
[EventRounds "9"]
[EventCountry "YUG"]
[SourceTitle "CBM 110 Extra"]
[Source "ChessBase"]
[SourceDate "2006.03.10"]
[SourceVersion "2"]
[SourceVersionDate "2006.03.10"]
[SourceQuality "1"]

1. e4 e5 2. Nf3 Nc6 3. Bc4 Bc5 4. 0-0 Nf6 5. d3 d6 6. c3 a6 7. Bb3 Ba7 8. Nbd2 h6 9. h3 Be6 10. Re1 0-0 11. Nf1 Re8 12. N3h2 Bxb3 13. Qxb3 Qd7 14. Qd1 Ne7 1/2-1/2

[Event "Budapest FS12 GM-B"]
[Site "Budapest"]
[Date "2005.12.11"]
[Round "9"]
[White "Zlatic, Mihailo"]
[Black "Nemeth, Miklos"]
[Result "1/2-1/2"]
[WhiteElo "2417"]
[BlackElo "2378"]
[PlyCount "119"]
[EventDate "2005.12.03"]
[EventType "tourn"]
[EventRounds "11"]
[EventCountry "HUN"]
[EventCategory "7"]
[SourceTitle "CBM 109 Extra"]
[Source "ChessBase"]
[SourceDate "2006.01.03"]
[SourceVersion "2"]
[SourceVersionDate "2006.01.03"]
[SourceQuality "1"]

1. e4 c6 2. d4 d5 3. exd5 cxd5 4. c4 Nf6 5. Nc3 e6 6. Nf3 Bb4 7. cxd5 Nxd5 8. Bd2 0-0 9. Bd3 Nc6 10. 0-0 Be7 11. Nxd5 Qxd5 12. Bc3 Bf6 13. Re1 Rd8 14. Qc2 g6 15. Rad1 Qd6 16. a3 a5 17. Ne5 Ne7 18. Qe2 Nd5 19. Qf3 b6 20. Bd2 Bb7 21. Ng4 Qe7 22. Nxf6+ Qxf6 23. Qg4 Qg7 24. Bg5 Rd6 25. Qg3 Rc6 26. Be4 Rc4 27. Bxd5 Bxd5 28. Qh4 f5 29. Bf6 Qf8 30. Re3 Rac8 31. h3 Rc2 32. Rb1 b5 33. Rg3 b4 34. axb4 axb4 35. Qg5 Kf7 36. h4 Ke8 37. h5 Qf7 38. hxg6 hxg6 39. Rh3 Kd7 40. Rh6 Kc6 41. Rxg6 Kb5 42. Rg7 Qe8 43. Be7 Qc6 44. Bc5 Rc7 45. Rg8 Rc8 46. Rg6 Be4 47. Ra1 Ra8 48. Rxa8 Qxa8 49. b3 Rb2 50. Rxe6 Qa1+ 51. Kh2 Rxf2 52. Rb6+ Ka5 53. Ra6+ Kxa6 54. Qf6+ Kb7 55. Qb6+ Kc8 56. Qe6+ Kc7 57. Qe7+ Kc8 58. Qe6+ Kc7 59. Qe7+ Kc8 60. Qe6+ 1/2-1/2

[Event "Timisoara Cup-A"]
[Site "Timisoara"]
[Date "2005.08.07"]
[Round "7"]
[White "Jianu, Vlad Cristian"]
[Black "Zlatic, Mihailo"]
[Result "1-0"]
[WhiteElo "2453"]
[BlackElo "2428"]
[PlyCount "105"]
[EventDate "2005.08.01"]
[EventType "tourn"]
[EventRounds "11"]
[EventCountry "ROU"]
[EventCategory "9"]
[SourceTitle "EXT 2006"]
[Source "ChessBase"]
[SourceDate "2005.11.24"]
[SourceVersion "1"]
[SourceVersionDate "2005.11.24"]
[SourceQuality "1"]

1. d4 Nf6 2. c4 c5 3. d5 e5 4. Nc3 d6 5. e4 Be7 6. Nge2 0-0 7. Ng3 Ne8 8. h4 a6 9. Bd3 b6 10. Be3 Ra7 11. Qe2 g6 12. Bh6 Ng7 13. Qe3 f5 14. exf5 gxf5 15. 0-0-0 Bf6 16. Bc2 Re7 17. Nge2 Qe8 18. g4 fxg4 19. Ng3 e4 20. Ncxe4 Be5 21. Kb1 Rf3 22. Qd2 Nf5 23. Rde1 Nxh6 24. Qg5+ Kh8 25. Qxh6 Qf8 26. Qh5 Qf7 27. Qh6 Qg7 28. Qh5 Bd7 29. Re2 Be8 30. Qg5 h6 31. Qxg7+ Kxg7 32. Nd2 Rf8 33. Nf5+ Rxf5 34. Bxf5 h5 35. f3 Bg6 36. fxg4 hxg4 37. Bxg6 Kxg6 38. h5+ Kh6 39. Ne4 Nd7 40. Rg2 Bf4 41. Nf2 g3 42. Nd3 Bg5 43. Rxg3 b5 44. Rhg1 Bf6 45. Rg6+ Kh7 46. cxb5 c4 47. Nf4 axb5 48. Ne6 Re8 49. Rf1 Rg8 50. Rfxf6 Nxf6 51. Rxf6 Rg4 52. Kc2 b4 53. Nf8+ 1-0

[Event "Timisoara Cup-A"]
[Site "Timisoara"]
[Date "2005.08.04"]
[Round "4"]
[White "Zlatic, Mihailo"]
[Black "Milanovic, Danilo"]
[Result "1/2-1/2"]
[WhiteElo "2428"]
[BlackElo "2480"]
[PlyCount "83"]
[EventDate "2005.08.01"]
[EventType "tourn"]
[EventRounds "11"]
[EventCountry "ROU"]
[EventCategory "9"]
[SourceTitle "EXT 2006"]
[Source "ChessBase"]
[SourceDate "2005.11.24"]
[SourceVersion "1"]
[SourceVersionDate "2005.11.24"]
[SourceQuality "1"]

1. e4 d5 2. exd5 Qxd5 3. Nc3 Qd6 4. Nf3 Nf6 5. d4 a6 6. h3 b5 7. a3 Bb7 8. Be2 e6 9. 0-0 Nbd7 10. Be3 Be7 11. Qd2 Rd8 12. Rfd1 0-0 13. Qe1 h6 14. b3 Rfe8 15. b4 Qc6 16. Bf1 Qd6 17. Be2 Qc6 18. Bf1 Bf8 19. Rab1 Nd5 20. Nxd5 Qxd5 21. a4 Qf5 22. Bd3 Be4 23. Bxe4 Qxe4 24. c4 bxc4 25. Rdc1 Qc6 26. b5 axb5 27. axb5 Qd5 28. Qc3 Bd6 29. Nd2 Rb8 30. Qxc4 Nf6 31. Qc6 Rb6 32. Qxd5 Nxd5 33. Nc4 Rbb8 34. b6 Nxb6 35. Rxb6 Rxb6 36. Nxb6 cxb6 37. Rc6 Rd8 38. Rxb6 Rd7 39. Kf1 Be7 40. Rb8+ Kh7 41. Ke2 Kg6 42. Rb5 1/2-1/2

[Event "Timisoara Cup-A"]
[Site "Timisoara"]
[Date "2005.08.03"]
[Round "3"]
[White "Abramovic, Bosko"]
[Black "Zlatic, Mihailo"]
[Result "1-0"]
[WhiteElo "2489"]
[BlackElo "2428"]
[PlyCount "57"]
[EventDate "2005.08.01"]
[EventType "tourn"]
[EventRounds "11"]
[EventCountry "ROU"]
[EventCategory "9"]
[SourceTitle "EXT 2006"]
[Source "ChessBase"]
[SourceDate "2005.11.24"]
[SourceVersion "1"]
[SourceVersionDate "2005.11.24"]
[SourceQuality "1"]

1. d4 c5 2. e3 cxd4 3. exd4 d5 4. c3 Nf6 5. Bd3 Nc6 6. h3 g6 7. Nf3 Bg7 8. 0-0 Bf5 9. Bxf5 gxf5 10. Bf4 e6 11. Nbd2 0-0 12. Ne5 Nd7 13. Nd3 Re8 14. a4 Nf8 15. Re1 Ng6 16. Be3 f6 17. Qh5 Qd7 18. f4 Kh8 19. g4 b6 20. Kf2 Rg8 21. Rg1 e5 22. Qxf5 Qxf5 23. gxf5 Nh4 24. dxe5 fxe5 25. fxe5 Nxf5 26. Nf3 Rgf8 27. Bg5 d4 28. Rg4 Rae8 29. Re1 1-0

[Event "Timisoara Cup-A"]
[Site "Timisoara"]
[Date "2005.08.02"]
[Round "2"]
[White "Zlatic, Mihailo"]
[Black "Tirard, Hugo"]
[Result "1/2-1/2"]
[WhiteElo "2428"]
[BlackElo "2447"]
[PlyCount "124"]
[EventDate "2005.08.01"]
[EventType "tourn"]
[EventRounds "11"]
[EventCountry "ROU"]
[EventCategory "9"]
[SourceTitle "EXT 2006"]
[Source "ChessBase"]
[SourceDate "2005.11.24"]
[SourceVersion "1"]
[SourceVersionDate "2005.11.24"]
[SourceQuality "1"]

1. e4 c5 2. Nf3 Nc6 3. d4 cxd4 4. Nxd4 e5 5. Nb5 d6 6. N1c3 a6 7. Na3 b5 8. Nd5 Be7 9. f3 Rb8 10. Be3 Nf6 11. c3 0-0 12. Nc2 Nxd5 13. exd5 Na5 14. Nb4 Qc7 15. a4 Nc4 16. Bxc4 bxc4 17. Qe2 Bb7 18. a5 Rbc8 19. 0-0 Qd7 20. Qc2 h6 21. Qa4 Qxa4 22. Rxa4 Bg5 23. Bb6 Rfe8 24. Raa1 h5 25. Rfe1 Kf8 26. Re2 Ke7 27. Kf2 Kd7 28. Ra3 f5 29. Kg1 e4 30. fxe4 Rxe4 31. Rxe4 fxe4 32. Ra1 Re8 33. Kf2 Rf8+ 34. Ke2 h4 35. Be3 Bd8 36. Bb6 Be7 37. Rd1 Rf5 38. Rd4 Rg5 39. Rxc4 Bxd5 40. Nxd5 Rxd5 41. Rxe4 Bg5 42. Bd4 Rxa5 43. b4 Ra2+ 44. Kf3 g6 45. Rg4 Bd2 46. Rxh4 Ra3 47. Rg4 Bxc3 48. Bxc3 Rxc3+ 49. Ke2 Rc8 50. Kd3 Rg8 51. h4 Ke6 52. Rg5 Kf6 53. Ra5 Rb8 54. Kc4 Rb6 55. Rg5 Rc6+ 56. Kd5 Rc1 57. Kxd6 Rc4 58. g3 Rxb4 59. Ra5 Rd4+ 60. Kc5 Rd3 61. g4 Rh3 62. Rxa6+ Kg7 1/2-1/2

[Event "Novi Sad TS03 op"]
[Site "Novi Sad"]
[Date "2005.03.21"]
[Round "4"]
[White "Zlatic, Mihailo"]
[Black "Saric, Sinisa"]
[Result "1-0"]
[WhiteElo "2451"]
[BlackElo "2351"]
[PlyCount "111"]
[EventDate "2005.03.19"]
[EventType "swiss"]
[EventRounds "10"]
[EventCountry "YUG"]
[SourceTitle "CBM 105 Extra"]
[Source "ChessBase"]
[SourceDate "2005.05.01"]
[SourceVersion "1"]
[SourceVersionDate "2005.05.01"]
[SourceQuality "1"]

1. e4 d5 2. exd5 Qxd5 3. Nc3 Qa5 4. d4 Nf6 5. Nf3 c6 6. Bc4 Bf5 7. Bd2 e6 8. Qe2 Bb4 9. a3 Nbd7 10. 0-0-0 Nb6 11. axb4 Qa1+ 12. Nb1 Na4 13. Bc3 Ne4 14. Rd3 a5 15. d5 Nexc3 16. bxc3 axb4 17. dxe6 0-0 18. exf7+ Kh8 19. Qe5 bxc3 20. Qxf5 Qb2+ 21. Kd1 Qxb1+ 22. Ke2 Qxc2+ 23. Ke3 Nb2 24. Be6 Nxd3 25. Qxd3 Qb2 26. Ng5 Qd2+ 27. Qxd2 cxd2 28. Kxd2 h6 29. Nf3 g6 30. Rb1 Rfd8+ 31. Kc2 Rd6 32. Bc4 b5 33. Re1 Rf8 34. Re8 Kg7 35. Be6 Rxf7 36. Bxf7 Kxf7 37. Rc8 Ke6 38. Re8+ Kd5 39. Re5+ Kc4 40. Nd2+ Kd4 41. f4 Rf6 42. g3 Rd6 43. h3 Rf6 44. Nb3+ Kc4 45. Re4+ Kd5 46. Rd4+ Ke6 47. g4 h5 48. Kd3 hxg4 49. hxg4 Ke7 50. Nc5 Rf8 51. Rd7+ Ke8 52. Ke4 Rh8 53. Rc7 Rh1 54. Rxc6 Re1+ 55. Kd3 Kf7 56. Rc7+ 1-0